01300nam a22002777a 450000100040000000500170000400800410002102000470006202000300010904000230013905000210016208200250018310000220020824500710023025000420030126000350034330000680037850500080044652003170045452100200077152100200079165000730081165000720088465000350095670000310099163820230627155204.0230627b cb ||||| |||| 00| 0 eng d a9781570915963 (reinforced for library use) a9781570915970 (softcover) aDLCcDLCdDLCbeng00aQL114b.B38 200700a591.76809758/7522221 aBateman, Donna M.10aDeep in the swamp /cDonna M. Bateman ; illustrated by Brian Lies. aFirst Scholastic printing, April 2008 aNew York :bScholastic,c2008. a30 unnumbered pages :bcolor illustrations, color map ;c23 cm. aO  aCount from 1 otter pup to 10 baby crayfish as readers learn about the special relationships of baby and mom mammals, reptiles, birds, and insects that make their home in the Okefenokee Swamp. A helpful guide to swamp flora and fauna is included. Modeled after the song "Over in the Meadow" by Olive A. Wadsworth. a820 bLexile  aO bRaz-Plus  0aSwamp animalszOkefenokee Swamp (Ga. and Fla.)vJuvenile literature. 0aSwamp plantszOkefenokee Swamp (Ga. and Fla.)vJuvenile literature. 0aCountingvJuvenile literature.1 aLies, Brian,eillustrator.